LA URBANIZACION EN MESOAMERICA /

Bewaard in:
Bibliografische gegevens
Hoofdauteur: Camberos Garibi, Jorge (autor)
Formaat: Boek
Reeks:CUADERNOS DE DIFUSION CIENTIFICA ; 19
Onderwerpen:
Tags: Voeg label toe
Geen labels, Wees de eerste die dit record labelt!

MARC

LEADER 00000nam^a2200000^a^4500
001 000234578
005 20250521000000.0
009 20260310104732.693
020 |a 968-895-164-1 
035 |a 057414 
037 |a Acervo Xavier Clavigero 
082 |a 300. 5  |b CUA V. 19 
100 |a Camberos Garibi, Jorge  |e (autor) 
245 1 3 |a LA URBANIZACION EN MESOAMERICA /  |c JORGE CAMBEROS GARIBI 
264 |a Guadalajara, México :  |b U DE G,  |c 1990 
300 |a 45 p. 
336 |a texto  |b txt  |2 rdacontenido 
337 |a sin mediación  |b n  |2 rdamedio 
338 |a volumen  |b nc  |2 rdasoporte 
440 |a CUADERNOS DE DIFUSION CIENTIFICA ;  |v 19 
649 |a XX 
650 |a URBANISMO -  |x MEXICO 
910 |a Fondo General 
920 |a Impresos - Libros 
930 |a Colección General 
905 |a 101 
901 |a 057414  |b IT1  |c ACC  |i 057414  |u 20250521 
902 |a https://opac.biblio.iteso.mx/vufind/Record/000234578